Continuous transformations in analysis : (Record no. 7692)
[ view plain ]
| 000 -LEADER | |
|---|---|
| fixed length control field | 01038cam a22002773 4500 |
| 001 - CONTROL NUMBER | |
| control field | 7692 |
| 003 - CONTROL NUMBER IDENTIFIER | |
| rucl marc code | BD-RjUL |
| 005 - DATE AND TIME OF LATEST TRANSACTION | |
| control field | 20211208234446.0 |
| 008 - FIXED-LENGTH DATA ELEMENTS--GENERAL INFORMATION | |
| fixed length control field | 140115s1955 gw a b 001 0 eng |
| 035 ## - SYSTEM CONTROL NUMBER | |
| System control number | (BD-RjUL)7736 |
| 040 ## - CATALOGING SOURCE | |
| Original cataloging agency | DLC |
| Transcribing agency | DLC |
| Language of cataloging | eng |
| Modifying agency | BD-RjUL |
| 041 ## - LANGUAGE CODE | |
| Language code of text/sound track or separate title | eng |
| 082 ## - DEWEY DECIMAL CLASSIFICATION NUMBER | |
| Edition number | 19 |
| Classification number | 514 |
| Author mark and year | RAC 1955 |
| 100 1# - MAIN ENTRY--PERSONAL NAME | |
| Personal name | Radó, Tibor, |
| Dates associated with a name | 1895-1965. |
| 9 (RLIN) | 23983 |
| 245 10 - TITLE STATEMENT | |
| Title | Continuous transformations in analysis : |
| Remainder of title | with an introduction to algebraic topology / |
| Statement of responsibility, etc. | T. Rado and P.V. Reichelderfer. |
| 260 ## - PUBLICATION, DISTRIBUTION, ETC. (IMPRINT) | |
| Place of publication, distribution, etc. | Berlin : |
| Name of publisher, distributor, etc. | Springer, |
| Date of publication, distribution, etc. | c1955. |
| 300 ## - PHYSICAL DESCRIPTION | |
| Pagination | vi, 441 p. : |
| Illustrations | illus. ; |
| Size | 23 cm. |
| 504 ## - BIBLIOGRAPHY, ETC. NOTE | |
| Bibliography, etc | Includes bibliographical references and index. |
| 650 #0 - SUBJECT ADDED ENTRY--TOPICAL TERM | |
| Topical term or geographic name as entry element | Transformations (Mathematics) |
| 9 (RLIN) | 20245 |
| Topical term or geographic name as entry element | Topology. |
| 9 (RLIN) | 23985 |
| 700 1# - ADDED ENTRY--PERSONAL NAME | |
| Personal name | Reichelderfer, P. V., [from old catalog] |
| Relator term | joint author. |
| 942 ## - ADDED ENTRY ELEMENTS (KOHA) | |
| Source of classification or shelving scheme | Dewey Decimal Classification |
| Koha item type | Books |
| Lost status | Source of classification or shelving scheme | Damaged status | Not for loan | Collection code | Permanent Location | Current Location | Shelving location | Date acquired | Source of acquisition | Cost, normal purchase price | Total Checkouts | Full call number | Date last seen | Copy number | Koha item type |
|---|---|---|---|---|---|---|---|---|---|---|---|---|---|---|---|
| Dewey Decimal Classification | Not For Loan | Non-fiction | Central Library, University of Rajshahi | Central Library, University of Rajshahi | 12/09/1964 | Zeitlinger | 108.00 | 514 RAC 1955 | 15/01/2014 | C-1 | Books |